Biodiversity and sustainable development (Record no. 386552)

MARC details
000 -LEADER
fixed length control field 00539 a2200193 4500
005 - DATE & TIME
control field 20250327113503.0
008 - FIXED-LENGTH DATA ELEMENTS--GENERAL INFORMATION
fixed length control field 250326b |||||||| |||| 00| 0 eng d
020 ## - ISBN
International Standard Book Number 9788197092541
Price Rs. 2700.00
040 ## - CATALOGING SOURCE
Original cataloging agency VIVEKANANDA LIBRARY
082 ## - DDC NUMBER
Classification number 639.9
Book Number S64B
100 ## - MAIN ENTRY--PERSONAL NAME
Personal name Sinha, Ajay Kumar
245 ## - TITLE STATEMENT
Title Biodiversity and sustainable development
260 ## - PUBLICATION, DISTRIBUTION, ETC. (IMPRINT)
Name of publisher, distributor, etc Asia Publishers and Distributors
Date of publication, distribution, etc 2025
Place of publication, distribution, etc New Delhi
300 ## - PHYSICAL DESCRIPTION
Pages x, 302
650 ## - Subject
Subject Biodiversity
650 ## - Subject
Subject Sustainable Development
650 ## - Subject
Subject Environmental Politics
942 ## - ADDED ENTRY ELEMENTS (KOHA)
Koha item type Books
Holdings
Withdrawn status Lost status Source of classification or shelving scheme Damaged status Not for loan Location (home branch) Sublocation or collection (holding branch) Shelving location Date acquired Koha issues (times borrowed) Koha full call number Accession No. Koha date last seen Koha item type
    Dewey Decimal Classification     VIVEKANANDA LIBRARY VIVEKANANDA LIBRARY UIET Library 17/02/2025   639.9 S64B 430792 17/02/2025 Books
    Dewey Decimal Classification     VIVEKANANDA LIBRARY VIVEKANANDA LIBRARY Vivekananda Library 22/01/2026   639.9 S64B 444520 22/01/2026 Books
© Designed and Maintained by Vivekananda Library, MDU Rohtak